| 000 | 00666nam a2200217Ia 4500 | ||
|---|---|---|---|
| 003 | GCL | ||
| 005 | 20240530102432.0 | ||
| 008 | 140319s9999 xx 000 0 ara d | ||
| 040 |
_aGCL / _cGCL |
||
| 082 | 0 | 4 |
_a245 _bم ا |
| 100 | 1 | _aمنير سلطان | |
| 245 | 1 | 0 |
_aاعجاز القران: _bبين المعتزلة والاشاعرة / _cمنير سلطان |
| 250 | _aط3 | ||
| 260 |
_aالاسكندرية : _bمنشاة المعارف ، _c1986 |
||
| 300 |
_a292 ص؛ _c24 سم |
||
| 650 | 0 | 4 | _aالاسلام |
| 650 | 0 | 4 | _aالاعجاز العلمى للقران |
| 650 | 0 | 4 | _aالقران - اعجاز |
| 650 | 0 | 4 | _aالقران |
| 942 |
_2ddc _cBK |
||
| 999 |
_c32223 _d32223 |
||